বাংলা জীবনীকোষ / (Record no. 1307)
[ view plain ]
| 000 -LEADER | |
|---|---|
| fixed length control field | 00743nam a22002297a 4500 |
| 001 - CONTROL NUMBER | |
| JCCL Control Number | 1307 |
| 003 - CONTROL NUMBER IDENTIFIER | |
| JCCL marc code | BD-JhCC |
| 005 - DATE AND TIME OF LATEST TRANSACTION | |
| control field | 20171019165207.0 |
| 008 - FIXED-LENGTH DATA ELEMENTS--GENERAL INFORMATION | |
| fixed length control field | 171017s2009 bg |||| |||| 000 0 ben d |
| 020 ## - INTERNATIONAL STANDARD BOOK NUMBER | |
| International Standard Book Number | 9847015600471 |
| 035 ## - SYSTEM CONTROL NUMBER | |
| system control number | (BD-JhCC)1307 |
| 040 ## - CATALOGING SOURCE | |
| Original cataloging agency | BD-JhCC |
| Modifying agency | BD-JhCC |
| 041 ## - LANGUAGE CODE | |
| Language code of Book | ben |
| 082 ## - DEWEY DECIMAL CLASSIFICATION NUMBER | |
| Classification number | 942.095492 |
| Author mark and Year | ALA 2009 |
| 100 ## - MAIN ENTRY--PERSONAL NAME | |
| Personal name | আলম, ওহীদুল |
| 245 ## - TITLE STATEMENT | |
| Title | বাংলা জীবনীকোষ / |
| Statement of responsibility, etc | ওহীদুল আলম সম্পাদনায় ড. মাহবুবুল হক |
| 300 ## - PHYSICAL DESCRIPTION | |
| Pagination | ৩৬০ পৃ. : |
| Dimensions | ২২ সেমি. |
| 650 ## - SUBJECT ADDED ENTRY--TOPICAL TERM | |
| Topical term or geographic name as entry element | Glossary of Personalities |
| 700 ## - ADDED ENTRY--PERSONAL NAME | |
| Personal name | হক,ড. মাহবুবুল |
| 942 ## - ADDED ENTRY ELEMENTS (KOHA) | |
| Source of classification or shelving scheme | Dewey Decimal Classification |
| Koha item type | Books |
| Source of classification or shelving scheme | Damaged status | Not for loan | Home library | Current library | Shelving location | Date of accession | Source of acquisition | Cost, normal purchase price | Total Checkouts | Full call number | Barcode | Date last seen | Copy number | Koha item type |
|---|---|---|---|---|---|---|---|---|---|---|---|---|---|---|
| Dewey Decimal Classification | JCC Rouf Library | JCC Rouf Library | General Stacks | 10/17/2017 | Zahedee Foundation | 400.00 | 942.095492 ALA 2009 | 2295 | 10/17/2017 | C-1 | Books | |||
| Dewey Decimal Classification | JCC Rouf Library | JCC Rouf Library | General Stacks | 11/23/2017 | 400.00 | 942.095492 ALA 2009 | 5850 | 11/23/2017 | C-2 | Books | ||||
| Dewey Decimal Classification | JCC Rouf Library | JCC Rouf Library | General Stacks | 12/11/2017 | 400.00 | 942.095492 ALA 2009 | 7250 | 12/11/2017 | C-3 | Books |